Quizzes
Events
Quiz Creation
Community
Videos
Private Events
Remove Ads
Sign In
Join for FREE
Feedback
Dark Mode
Quiz Categories
Sports
Geography
Music
Movies
Television
Just For Fun
Miscellaneous
History
Literature
Language
Science
Gaming
Entertainment
Religion
Holiday
For Kids
Quiz Lab
Recent
Popular Today
Quiz Kudos Today
Editor Picks
Curator Picks
Quizzes by...
Day
Popularity
Type
Ratings
Length
Year
Community
Subscriptions
Recent Discussions
Orange Saloon
Badges
Playlists
Quests
Create
Leaderboards
Showdown
Live 5
Trivia Bingo
Activity
Puzzle Library
Sporcle Events
Private Events
Virtual Trivia
Globe League
Become a Host
Pub Owners
SporcleCon
Opinionation
Our Games
Videos
Blog
Mobile Apps
Partnerships
Remove Ads and Go Orange
Feedback
Music
Pop Music
The Beatles
Song
Album
Lyrics
Bands
Singers
Artist
Clip
Rock
Rap
Classical
Billboard
Country Music
Kpop
Taylor Swift
Music
Pop Music
The Beatles
Song
Album
Lyrics
Bands
Singers
Artist
Clip
Rock
Rap
Classical
Billboard
Country Music
Kpop
Taylor Swift
Random Quiz
Search Sporcle
×
Quiz Lab
Quiz Lab
Music
Song
Type in answers that appear in a list
Type in answers that appear in a list
Classic
Best Score? Go Orange.
The Top Ten Songs Per Year (2000-2009) Stats
Can you name the The Top Ten Songs Per Year (2000-2009)?
By
Chuffa
7m
100 Questions
60 Plays
60 Plays
60 Plays
Comments
Comments
Give Quiz Kudos
Give Quiz Kudos
-
- Ratings
hide this ad
Replay
Link that replays current quiz
Next Quiz
Link to next quiz in quiz playlist
You Got
0%
They Got
Avg Score
28%
Avg Friend Score
Upgrade to see
Score Distribution
Jump to the score distribution portion of the page
Score
0/100
Timer
07:00
0
Plays Today
Hint
Answer
% Correct
2003 -
OutKast
Hey Ya!
66.7%
2000 -
Coldplay
Yellow
60%
2002 -
Eminem
Lose Yourself
58.3%
2003 -
The Killers
Mr. Brightside
56.7%
2006 -
Gnarls Barkley
Crazy
56.7%
2000 -
OutKast
Ms Jackson
55%
2007 -
Rihanna
Umbrella
55%
2003 -
50 Cent
In Da Club
51.7%
2008 -
Coldplay
Viva La Vida
51.7%
2003 -
White Stripes
Seven Nation Army
50%
2007 -
Alicia Keys
No One
50%
2008 -
Lady Gaga
Poker Face
50%
2002 -
Coldplay
Clocks
48.3%
2000 -
U2
Beautiful Day
46.7%
2004 -
Usher
Yeah!
46.7%
2000 -
Linkin Park
In The End
45%
2007 -
Flo Rida
Low
45%
2000 -
Eminem
Stan
43.3%
2001 -
Alicia Keys
Fallin'
43.3%
2001 -
Nickelback
How You Remind Me
43.3%
2005 -
Kanye West
Gold Digger
43.3%
2006 -
Amy Winehouse
Rehab
43.3%
2007 -
M.I.A
Paper Planes
43.3%
2003 -
Jay Z
99 Problems
41.7%
2004 -
Franz Ferdinand
Take Me Out
41.7%
2004 -
Green Day
Boulevard Of Broken Dreams
41.7%
2008 -
Lady Gaga
Just Dance
41.7%
2003 -
Beyonce
Crazy In Love
40%
2003 -
Black Eyed Peas
Where Is The Love
40%
2008 -
Katy Perry
I Kissed A Girl
40%
2007 -
Kanye West
Stronger
38.3%
2008 -
Jason Mraz
Im Yours
38.3%
2009 -
Black Eyed Peas
Boom Boom Pow
38.3%
2001 -
Kylie Minogue
Cant Get You Out Of My Head
36.7%
Hint
Answer
% Correct
2003 -
R. Kelly
Ignition
36.7%
2005 -
Mariah Carey
We Belong Together
36.7%
2008 -
Beyonce
Single Ladies
36.7%
2008 -
Kings Of Leon
Use Somebody
36.7%
2009 -
Black Eyed Peas
I Gotta Feeling
36.7%
2000 -
Daft Punk
One More Time
35%
2000 -
Madonna
Music
35%
2003 -
Yeah Yeah Yeahs
Maps
35%
2005 -
Gorillaz
Feel Good Inc.
35%
2006 -
Justin Timberlake
Sexy Back
35%
2006 -
Shakira
Hips Dont Lie
35%
2001 -
Missy Elliott
Get Ur Freak On
33.3%
2001 -
Destiny's Child
Survivor
33.3%
2004 -
Modest Mouse
Float On
33.3%
2004 -
Snoop Dog
Drop It Like It's Hot
33.3%
2008 -
Kings Of Leon
Sex On Fire
33.3%
2001 -
Mary J. Blige
Family Affair
31.7%
2006 -
Red Hot Chilli Peppers
Dani California
31.7%
2001 -
The Strokes
Last Nite
30%
2002 -
Eminem
Without Me
30%
2007 -
Soulja Boy
Crank That
30%
2008 -
Katy Perry
Hot N Cold
30%
2004 -
Kelly Clarkson
Since U Been Gone
28.3%
2006 -
Beyonce
Irreplaceable
28.3%
2000 -
Aaliyah
Try Again
23.3%
2000 -
OutKast
B.O.B
21.7%
2001 -
Daft Punk
Harder Better Faster Stronger
21.7%
2002 -
Missy Elliott
Work It
21.7%
2002 -
Queens Of The Stone Age
No One Knows
21.7%
2009 -
Flo Rida
Right Round
21.7%
2002 -
Kelly Rowland
Dilemma
20%
2003 -
Kanye West
Jesus Walks
20%
2005 -
Coldplay
Speed Of Sound
20%
2008 -
Rihanna
Disturbia
18.3%
Hint
Answer
% Correct
2001 -
White Stripes
Fell In Love With A Girl
16.7%
2005 -
Amerie
1 Thing
16.7%
2006 -
Justin Timberlake
My Love
16.7%
2007 -
Justice
D.A.N.C.E
16.7%
2000 -
Radiohead
Idioteque
15%
2006 -
Peter Bjorn & John
Young Folks
15%
2005 -
Arctic Monkeys
I Bet You Look Good On The Dancefloor
13.3%
2005 -
The Game
Hate It Or Love It
13.3%
2009 -
Linkin Park
New Divide
11.7%
2001 -
Jay Z
Izzo (H.O.V.A)
10%
2004 -
Arcade Fire
Neighborhood #1 (Tunnels)
10%
2004 -
M.I.A
Galang
10%
2007 -
LCD Soundsystem
All My Friends
10%
2009 -
Green Day
Know Your Enemy
10%
2002 -
LCD Soundsystem
Losing My Edge
8.3%
2002 -
The Roots
The Seed (2.0)
8.3%
2002 -
The Rapture
House Of Jealous Lovers
6.7%
2004 -
Annie
Heart Beat
6.7%
2009 -
David Guetta
Sexy Bitch
6.7%
2005 -
Three 6 Mafia
Stay Fly
5%
2005 -
Franz Ferdinand
Do You Want To
5%
2005 -
Beyonce
Check On It
5%
2006 -
T.I
What You Know
5%
2007 -
Kanye West
Good Life
5%
2004 -
Interpol
Slow Hands
3.3%
2006 -
Muse
Starlight
3.3%
2007 -
Radiohead
Jigsaw Falling Into Place
3.3%
2009 -
Phoenix
1901
3.3%
2002 -
Nas
Made You Look
1.7%
2009 -
Animal Collective
My Girls
1.7%
2009 -
Grizzly Bear
While You Wait For Others
1.7%
2009 -
Jay Z
Empire State Of Girls
0%
Quiz Playlist
Details
Report
Send in Message
Add To Playlist
Classic:
Type in answers that appear in a list
Last Updated: Feb 16, 2017
Quiz Scoreboard
CHALLENGE
Sign Up to Join the Scoreboard
Show All
Scores
Hide
Comments
May contain spoilers
Recently Published
Decade Duel: World Leaders
by jenniferyan
History
4m
Alphabetical 'K' Countries by Flag Minefield
by ylime102
Geography
3m
Pick 6: Fruits
by JohnFran
Miscellaneous
15s
More to Explore
Quiz From the Vault
Featured Blog Post
15 Basketball Trivia Facts You Can Be March Mad About
hide this ad
You Might Also Like...
Tags
Song Quiz
Per Year
ten
Today's Top Quizzes in Music
Browse Music
hide this ad
Today's Top Quizzes in Song
Browse Song
Top Contributed Quizzes in Music
1
Taylor Swift All Songs (2024)
2
Taylor Swift Logic Puzzle
3
KPOP LOGIC QUIZ
4
Guess the Taylor Swift song (Mystery Song)
5
A Taylor Swift Logic Puzzle
6
Guess The Taylor Swift Lyrics Song #1
7
kpop group name match up
8
K-Pop : 100 Debut Songs (Part 1 of 3)
9
2 word kpop group match
10
Madness Songs By Image
Explore More
Trending Topics
NBA
Kpop
Harry Potter
Disney
Crossword
Anime
Marvel
Soccer
Country
Pokémon
The Office
Song
WWE
Puzzle
NFL
hide this ad
More By:
Chuffa
Quiz
Plays
Rating
Category
Featured
Created
Top 15 NBA 2K13 Players
5,924
3.36
Sports
Nov 22, 2012
Can you name the top 10 FIFA 13 players?
632
1.00
Sports
Nov 22, 2012
Top 100 Video Games Of All Time
570
3.50
Gaming
Aug 27, 2014
Finding Nemo Characters
112
2.00
Movies
Aug 11, 2013
The Top Ten Songs Per Year (2000-2009)
60
3.00
Music
Aug 18, 2013
Go to Creator's Profile
Score Distribution
Quiz Creator Spotlight
Chuffa
Follow
Send a Message
Quizzes Created
-
Created Quiz Play Count
-
More By This Creator
Popular Quizzes Today
1
Countries of Asia Without Outlines Minefield
2
Find the US States - No Outlines Minefield
3
Pick 6: Fruits
4
The Countries of the World
5
Alphabetical 'K' Countries by Flag Minefield
6
Find the Countries of Europe - No Outlines Minefield
7
US States
8
Find the US States
More Music Quizzes
Artists in Billboard's Top 10 (2019)
Quiz Lab
Trending Quizzes
Pick 6: Mountains
Pick 6: Harry Potter
Pick 6: Flags
Pick 6: NFL Teams
Pick 6: Movie Franchises
Recently Updated
Adaptations: Name the Title
pecheneg
NWSL Teams
pecheneg
Women's Final Four Teams by Year
bhenderson79
Presidents Quartet II
eogle
Anything But Clue(do)
eogle
Anything But Oceanian Capitals
eogle
Anything But 7
eogle
Anything But Thing
eogle
Word Ladder: February 29
pecheneg
Song Title Questions
pecheneg
Trending Topics
Marvel
NBA
Kpop
Anime
Disney
Crossword
Harry Potter
Country
NFL
The Office
Soccer
WWE
Pokémon
Puzzle
Song
Your Account Isn't Verified!
In order to create a playlist on Sporcle, you need to verify the email address you used during registration. Go to your
Sporcle Settings
to finish the process.
Report this User
Report this user for behavior that violates our
Community Guidelines
.
Details:
Send Report
Go to the Sporcle.com Mobile Site →
Comments